Language Quiz

Random Language or Food Quiz

Dessert Sayings Quiz Stats

 Plays Quiz Updated Jan 16, 2016

Also try: 'Zone' Phrases
Challenge
Share
Tweet
Embed
Score 0/16 Timer 03:00
3 Plays Today
% Correct
As American as apple pie
96.8%
A piece of cake (or easy as pie)
96.4%
Smart cookie
96.3%
Selling like hotcakes
94.9%
As nutty as fruitcake
93.6%
Have a finger in every pie
93.2%
That's the way the cookie crumbles
93.1%
Cake hole (or pie hole)
92.8%
% Correct
Cutie pie
91.5%
Tough cookie
91.1%
Eat humble pie
90.5%
Pie in the sky
88%
The icing on the cake (or cherry on top)
87.5%
The proof is in the pudding
87.1%
Beefcake
86.8%
Have your cake and eat it too
85.1%

You're not logged in!

Compare scores with friends on all Sporcle quizzes.
Join for Free
OR
Log In

You Might Also Like...

Show Comments

Extras

Top Quizzes Today


Score Distribution

Your Account Isn't Verified!

In order to create a playlist on Sporcle, you need to verify the email address you used during registration. Go to your Sporcle Settings to finish the process.

Report this User

Report this user for behavior that violates our Community Guidelines.

Details: